| 000 | 00000nam##2200000za#4500 |
| 001 | 9.603855 |
| 003 | CaOODSP |
| 005 | 20210624211300 |
| 007 | cr ||||||||||| |
| 008 | 150406|2002||||xxc|||||o f|0| 0 fre|d |
| 040 | |aCaOODSP|bfre |
| 043 | |an-cn--- |
| 086 | 1 |aH117-4/1-2002F-PDF |
| 110 | 1 |aCanada. |bInstitut canadien d'information sur la santé. |
| 245 | 10|aCoûts hospitaliers des admissions en raison de traumatismes, Canada 2000-2001 / |h[ressource électronique] |
| 260 | |aOttawa - Ontario : |bInstitut canadien d'information sur la santé |cAoût 2002. |
| 300 | |a15p.|bfigures en couleur, graphiques, tableaux |
| 490 | 1 |aBulletin analytique, Registre national des traumatismes |
| 590 | |a12-19-Supp|b2012-04-30 |
| 775 | 08|tHospitals costs of trauma admissions in Canada, 2000/2001 / |w(CaOODSP)9.573810 |
| 830 | #0|aBulletin analytique, Registre national des traumatismes.|w(CaOODSP)9.503382 |
| 856 | 40|ahttp://publications.gc.ca|qPDF|s93 Ko|uhttps://publications.gc.ca/collections/collection_2012/icis-cihi/H117-4-1-2002-fra.pdf |